CSI: Harry Potter Quiz Stats

 Plays Quiz Updated Jan 23, 2019

Support Sporcle.
Go Orange.
Score 0/20 Timer 07:00
0 Plays Today
% Correct
Bellatrix Lestrange
92.1%
Albus Dumbledore
91.5%
Nymphadora Tonks
88.5%
Alastor Moody
85.6%
Moaning Myrtle
79.6%
Fred Weasley
79%
Cedric Diggory
78.8%
Severus Snape
78.6%
Quirinus Quirrell
78%
Sirius Black
77.3%
% Correct
Dobby the House Elf
76.2%
Vincent Crabbe
76.1%
Regulus Black
68.4%
Peter Pettigrew
67.9%
Bathilda Bagshot
67%
Ariana Dumbledore
61.6%
Frank Bryce
54.6%
Charity Burbage
43.9%
Florean Fortescue
37.4%
Bogrod
27.5%

From the Vault

US Presidents on The Simpsons

by rychu_supadude

If you're a US President and you haven't been on the Simpsons, you've gotta work harder!
Remove Ads.
Support Sporcle.
Get the best of Sporcle when you Go Orange. This ad-free experience offers more features, more stats, and more fun while also helping to support Sporcle. Thank you for becoming a member.

Show Comments

Extras

Top Quizzes Today


Score Distribution

Your Account Isn't Verified!

In order to create a playlist on Sporcle, you need to verify the email address you used during registration. Go to your Sporcle Settings to finish the process.

Report this User

Report this user for behavior that violates our Community Guidelines.

Details: